Ensayos de derecho empresario. Empresa, sociedades, concursos

Uloženo v:
Podrobná bibliografie
Hlavní autor: Richard, Efraín Hugo (Autor)
Médium: Kniha
Jazyk:španělština
Vydáno: Córdoba Fespresa 2006
Vydání:1a. ed
Témata:
Tagy: Přidat tag
Žádné tagy, Buďte první, kdo vytvoří štítek k tomuto záznamu!

MARC

LEADER 00000nam a2200000 a 4500
001 UCI3339
003 CL-VaPUC
008 071026e20060000AG |||||||||||||||||spa|d
020 |a 9872316406 
082 0 4 |a 346.065  |b RIC  |2 21 
100 0 |a Richard, Efraín Hugo  |e author  |9 524685 
245 1 0 |a Ensayos de derecho empresario. Empresa, sociedades, concursos 
250 |a 1a. ed 
300 |a 454 p 
942 |c BK 
945 |d 20071026 00:00:00  |a rbrito 
260 |a Córdoba  |b Fespresa  |c 2006 
650 0 |a Derecho comercial   |9 256340 
650 7 |a DERECHO EMPRESARIO  |2 CL-VaPUC  |9 524686 
650 0 |a Empresa  |9 350507 
650 7 |a EMPRESARIOS  |2 CL-VaPUC  |9 315086 
650 0 |a Derecho de propiedad  |9 256450 
650 0 |a Publicidad  |9 314572 
650 0 |a Sociedades  |9 259052 
650 0 |a Derecho concursal   |9 374010 
650 0 |a Quiebra  |9 255386 
583 |a last modification  |c 20071026 00:00:00  |k Rodrigo Vera 
999 |c 327591  |d 327589 
952 |0 0  |1 0  |4 0  |6 346_065000000000000_RIC_2006  |7 0  |8 A  |9 410607  |a BIBDER  |b BIBDER  |d 2019-11-22  |i 4382617  |o 346.065 RIC 2006  |p 4382617  |r 2023-01-25  |w 2019-11-22  |y BK  |k DER